000 01193nam a22003377a 4500
003 CHAP
005 20220817042952.0
008 971013s1996 r 00010 d
010 _a61431
011 _a62403
035 _a66577
040 _cCHAP
090 _aTesis
100 0 0 _aCortés Hernández, Honorio.
_928362
245 _aControl químico de malezas en el cultivo del cafeto (Coffea arabica L.) en los municipios de Atzalán y Tlapacoyan, Veracruz
260 _aChapingo, Méx. :
_bEl autor,
_c1996
300 _a60 h.
502 _aTesis (Ing. Agr. Esp. en Parasitología Agrícola) -- UACH. Departamento de Parasitología Agrícola
590 _aALEPH
_b10
_c20130110
_lUCH01
_h1342
590 _aBATCH-UPD
_b10
_c20130110
_lUCH01
_h0622
590 _aBATCH-UPD
_b10
_c20130410
_lUCH01
_h0305
590 _aBATCH-UPD
_b10
_c20130914
_lUCH01
_h0811
590 _aCONVERSION
_b10
_c20130109
_lUCH01
_h1333
650 1 4 _aCafé
_xMalas hierbas
_xControl.
_917167
650 1 4 _aCafé
_zVeracruz.
650 1 4 _aHerbicidas.
_953691
901 _aBK
942 _cFOLL
949 _bBC
_cTES
_d-151794
_eTS1
_h29842
_i66577
_si
949 _bBC
_cTES
_d33724000622593
_eTS2
_fc.2
_h29842
_i66577
_si
999 _c61431
_d61431